|
|
|
|
| LEADER |
00553cam a2200145 7i4500 |
| 001 |
0000027745 |
| 005 |
20120510090000.0 |
| 090 |
0 |
0 |
|a T 382.7
|b HAR (USA)
|
| 245 |
0 |
0 |
|a Harmonized tariff schedule of the United States 2012 :
|b volume 5 : chapter 94 - chapter 99.
|
| 260 |
0 |
0 |
|a Washington D.C:
|b United States International Trade Commission,
|c 2012.
|
| 300 |
# |
# |
|a [v.p].
|
| 500 |
0 |
0 |
|a Library has volume : 1 - volume : 5
|
| 650 |
0 |
0 |
|a Tariff --
|z United States of America
|
| 651 |
0 |
0 |
|a United States of America
|
| 999 |
|
|
|a 0000030391
|b Book
|c Tariffs
|e Business Information Centre
|